[Event "US-ch Open 2018"]
[Site "Saint Louis"]
[Date "2018.04.18"]
[Round "1"]
[White "Nakamura, Hikaru"]
[Black "Robson, Ray"]
[Result "1/2-1/2"]
[WhiteElo "2787"]
[BlackElo "2660"]
[Annotator "TA"]
[PlyCount "65"]
[EventDate "2018.??.??"]
[EventType "tourn"]
[EventCountry "USA"]
[SourceTitle "playchess.com"]
[Source "ChessBase"]
[SourceQuality "1"]

{[%evp 18,65,-13,-29,-11,-71,-59,-90,-45,-38,-42,-47,-35,-67,-40,-53,-25,-30,-20,-35,-29,-39,-25,-24,-28,-30,-8,-12,-4,-8,-10,-27,-16,-14,-8,-27,-24,-26,-20,-14,-28,-18,0,0,0,0,0,0,0,-37]} 1. e4 e5 2. Nf3 Nc6 3. d4 exd4 4. Nxd4 Nf6 5. Nxc6 bxc6 6. e5 Qe7 7. Qe2 Nd5 8. h4 a5 {C45: Scotch Game} (8... Bb7 9. c4 Nb6 10. Rh3 Qe6 11. f4 O-O-O 12. a4 d5 13. a5 Nxc4 14. b3 Bb4+ 15. Kf2 Nxa5 16. Bd2 {½-½ (73) Nakamura,H (2781)-Carlsen,M (2837) London 2017}) 9. c4 Nb6 10. Nd2 {LiveBook: 3 Games} Qe6 $146 {Black has an edge.} ({Find the theoretical novelty and annotate with similar games:} 10... d6 11. exd6 Qxe2+ 12. Bxe2 cxd6 13. b3 Bb7 14. Bb2 c5 15. O-O a4 16. Rfe1 {1-0 (33) Morozevich,A (2683)-Jakovenko,D (2714) Moscow 2016}) 11. Nf3 (11. h5 $11) 11... Bb4+ $17 12. Bd2 Bxd2+ (12... O-O {NOTEXT} 13. h5 Re8 14. O-O-O d5 15. Nd4 Qe7) 13. Nxd2 O-O 14. O-O-O Re8 15. f4 d6 16. Rh3 Qh6 17. Re3 $1 Qxf4 {[#] Strongly threatening ...Bg4.} 18. Re4 Qg3 $1 {[%cal Rd6e5]} 19. exd6 {[%cal Re4e8]} Be6 20. dxc7 Qxc7 21. Nf3 Nd7 22. Ng5 {[%cal Rg5e6]} Nf8 23. Qf2 Rad8 24. Bd3 h6 25. Nxe6 Rxe6 26. Qf3 Red6 27. Ree1 Rd4 28. g3 Ne6 29. Kb1 h5 {The position is equal.} 30. Bc2 Rxd1+ 31. Bxd1 g6 32. Bc2 {[#] Threatens to win with Bxg6!} Nd4 33. Qc3 {Precision: White = 45%, Black = 61%.} 1/2-1/2

[Event "US-ch Open 2018"]
[Site "Saint Louis"]
[Date "2018.04.18"]
[Round "1"]
[White "Onischuk, Alexander"]
[Black "Akobian, Varuzhan"]
[Result "0-1"]
[WhiteElo "2672"]
[BlackElo "2647"]
[Annotator "TA"]
[PlyCount "50"]
[EventDate "2018.??.??"]
[EventType "tourn"]
[EventCountry "USA"]
[SourceTitle "playchess.com"]
[Source "ChessBase"]
[SourceQuality "1"]

{[%evp 15,50,23,49,49,59,42,65,74,89,52,46,24,26,0,4,29,36,0,23,25,23,13,19,-100,-92,-42,-42,-45,-34,-67,-35,-138,-43,-41,-51,-331,-324]} 1. d4 e6 2. c4 f5 3. Nc3 Nf6 4. g3 d5 5. Bg2 c6 6. Nh3 Bd6 7. O-O O-O 8. Qc2 {A90: Dutch Defence: Miscellaneous and Modern Stonewall (with ...Bd6)} dxc4 {LiveBook: 3 Games} 9. e4 {[%cal Be2e4,Be4f5][%mdl 32]} e5 10. exf5 {White is slightly better.} exd4 (10... Ng4 11. Ne4 b5 12. b3 exd4 13. bxc4 Bxf5 14. cxb5 Kh8 15. bxc6 Ne5 {1-0 (24) Riazantsev,A (2679)-Reinderman,D (2601) Aix les Bains 2011}) 11. Ne2 c5 $146 ({Predecessor:} 11... b5 12. Nxd4 Qb6 13. Ne6 Bxe6 14. fxe6 Na6 15. Ng5 Rae8 {½-½ (50) De Jong,J (2424)-Ulybin,M (2538) Alghero 2011}) 12. Qxc4+ Kh8 13. Ng5 {Black must now prevent b4!} (13. b4 $5) 13... Nc6 14. Bf4 Bxf5 15. Nf7+ {[#]} Rxf7 $1 {[%mdl 512]} 16. Qxf7 Rb8 17. Bxc6 bxc6 18. Rfe1 d3 ({Much weaker is} 18... Rxb2 $6 {[#]} 19. Nxd4 $1 {[%mdl 512]} cxd4 20. Bxd6 $16) 19. Bxd6 (19. Rad1 $1 $11) 19... Qxd6 $17 20. Nc3 d2 $36 {[%mdl 2048] Black fights for an advantage.} 21. Re7 {[%csl Ge7][%cal Rf7g7]} Rg8 22. Rxa7 Bg4 23. Qe7 ({Better is} 23. Re7 $1 $15) 23... Qxe7 (23... Qd3 $17 {Threatens to win with ...Qc2.} 24. Qe5 h6) 24. Rxe7 $15 {Hoping for f3!} Nd5 $1 {[%cal Rd5e7]} 25. Re2 $2 {[%mdl 8192] [#]} (25. f3 $1 $15 Bxf3 26. Rd7) 25... d1=Q+ $1 {[%mdl 512] Precision: White = 33%, Black = 43%.} 0-1

[Event "US-ch Open 2018"]
[Site "Saint Louis"]
[Date "2018.04.18"]
[Round "1"]
[White "Xiong, Jeffery"]
[Black "Izoria, Zviad"]
[Result "1/2-1/2"]
[WhiteElo "2665"]
[BlackElo "2599"]
[Annotator "TA"]
[PlyCount "124"]
[EventDate "2018.??.??"]
[EventType "tourn"]
[EventCountry "USA"]
[SourceTitle "playchess.com"]
[Source "ChessBase"]
[SourceQuality "1"]

{[%evp 13,124,14,14,0,0,0,47,0,0,0,8,0,0,0,0,0,7,3,41,2,45,13,12,0,18,0,1,0,10,5,23,35,30,37,31,34,48,38,34,55,57,54,72,74,73,74,78,70,98,106,207,228,239,239,230,214,239,225,234,228,243,221,196,200,224,41,41,41,41,41,41,41,42,22,22,22,16,22,22,0,15,8,28,8,27,8,8,8,36,36,36,36,36,36,36,8,29,29,29,8,8,8,8,0,0,0,8,8,8,8,8,8,8]} 1. d4 Nf6 2. Nf3 g6 3. Nbd2 c5 4. dxc5 Qa5 5. a3 Qxc5 6. b4 {A48: 1 d4 Nf6 2 Nf3 g6: Torre, London and Colle Systems} Qc7 7. Bb2 Bg7 {LiveBook: 47 Games} 8. g3 (8. e3 O-O 9. c4 b6 10. Be2 Bb7 11. O-O d6 12. Rc1 Nbd7 13. Qb3 Rac8 14. Rfd1 Qb8 15. Bf1 Rfd8 16. Nd4 Qa8 17. Ba1 a6 18. Rc2 Rc7 19. Rdc1 Rdc8 20. Ne2 d5 21. Nf4 e6 22. cxd5 Rxc2 23. Rxc2 Nxd5 24. Bxg7 Kxg7 {½-½ (52) Bukavshin,I (2657)-Gelfand,B (2731) Moscow 2015}) 8... d6 9. Bg2 b6 10. O-O (10. Ne4 $5 Nxe4 11. Bxg7 $14) 10... Bb7 11. c4 O-O 12. Qb3 Nbd7 13. Rfd1 $146 ({Find the theoretical novelty and annotate with similar games:} 13. Rac1 Rac8 {0-1 (44) Rotstein,A (2506)-Naumann,A (2545) Austria 2016}) 13... Rac8 14. Rac1 a6 15. Nf1 Be4 16. Bh3 h6 17. Ne3 (17. Bxf6 $5 exf6 18. N1d2 $11) 17... e6 18. Bg2 Qb8 19. Ne1 Bxg2 20. N1xg2 {[%cal Be1g2,Bg2h4,Bh4f3][%mdl 32]} Rc6 21. Nh4 b5 22. Nf3 bxc4 23. Nxc4 Nc5 {[%cal Bd7c5,Bc5a4,Ba4c3][%mdl 32]} 24. Qe3 Na4 25. Bxf6 Bxf6 26. Qxh6 Rfc8 ({Much weaker is} 26... Nc3 27. Rxc3 d5 28. Ng5 $16) 27. Na5 $1 {[%cal Ra5c6]} Rxc1 28. Rxc1 Rxc1+ 29. Qxc1 Nc3 30. Kg2 Qa8 31. Qf4 Kg7 (31... Ne4 $16) 32. Qxd6 $18 Nxe2 {With the idea ...Nd4.} 33. Qc6 $1 {[%cal Rc6a8]} Qxc6 34. Nxc6 {[%mdl 4096] Endgame KBN-KNN} Bb2 {[#]} 35. a4 $1 Nc3 36. a5 Nd5 37. Ne1 Bc3 38. Nd3 e5 {[#]} 39. Kf3 $2 ({Not} 39. Ncxe5 Nxb4 40. Nxb4 Bxb4 $16) (39. b5 $1 $18) 39... f5 $1 $14 40. Ndxe5 Nxb4 41. Ke3 Nxc6 42. Nxc6 {KB-KN} g5 43. f3 Kf6 44. Kd3 Be1 45. Ke2 Bc3 46. Kd3 Be1 47. Kc4 Ke6 48. Nd4+ Kd7 49. Nxf5 {And now Kd5 would win.} Bxa5 50. Kd5 {aiming for Nd6.} Bd8 51. Nd6 {Black must now prevent Nb7.} a5 52. Nb7 Bb6 53. Nc5+ Ke7 54. Kc4 Kf7 55. Kb5 Bc7 56. Nb7 {Strongly threatening Kc6.} Kg6 {The position is equal.} 57. Kc6 g4 58. f4 Bxf4 59. gxf4 Kf5 60. Nxa5 Kxf4 61. Nc4 g3 62. hxg3+ Kxg3 {Precision: White = 54%, Black = 58%.} 1/2-1/2

[Event "US-ch Open 2018"]
[Site "Saint Louis"]
[Date "2018.04.18"]
[Round "1"]
[White "Zherebukh, Yaroslav"]
[Black "So, Wesley"]
[Result "0-1"]
[WhiteElo "2640"]
[BlackElo "2786"]
[Annotator "TA"]
[PlyCount "106"]
[EventDate "2018.??.??"]
[EventType "tourn"]
[EventCountry "USA"]
[SourceTitle "playchess.com"]
[Source "ChessBase"]
[SourceQuality "1"]

{[%evp 16,106,25,18,35,16,29,21,37,29,37,33,25,31,37,23,45,18,34,12,36,17,22,20,16,15,24,-74,-60,-74,-72,-77,-75,-146,-82,-57,-27,-170,-185,-227,-245,-222,-243,-228,-219,-247,-233,-230,-230,-235,-251,-272,-272,-290,-281,-271,-242,-250,-256,-270,-265,-264,-254,-224,-203,-199,-192,-194,-185,-241,-233,-234,-245,-243,-225,-265,-248,-240,-262,-265,-260,-260,-260,-260,-260,-260,-260,-253,-224,-258,-133,-255,-253]} 1. e4 c5 2. Nf3 d6 3. Bb5+ Nd7 4. Ba4 (4. d4 a6 5. Bxd7+ Bxd7 6. dxc5 dxc5 7. Nc3 e6 8. Bg5 Be7 9. Bxe7 Qxe7 10. O-O Rd8 11. Re1 Bc6 12. Qc1 Nf6 13. a4 O-O {0-1 (60) Duda,J (2717)-Nepomniachtchi,I (2729) Riadh 2017}) 4... Ngf6 5. O-O a6 6. c4 {B51: Sicilian: Moscow Variation (3 Bb5+) without 3...Bd7} g6 7. Nc3 Bg7 8. d3 O-O 9. h3 {LiveBook: 6 Games} b6 10. Rb1 Bb7 11. Bg5 $146 ({Predecessor:} 11. Be3 e6 {½-½ (40) Boruchovsky,A (2542)-Yilmaz,M (2619) Batumi 2018}) 11... h6 12. Be3 Qc7 13. Qd2 Kh7 14. b4 Rac8 15. Rfc1 e6 16. Ne2 Rfd8 17. Ng3 Ba8 18. a3 Nb8 {[%cal Bd7b8,Bb8c6,Bc6d4][%mdl 32]} 19. Nh2 Nc6 20. f4 Nd4 21. Rf1 (21. Qf2 $11) 21... b5 $1 $17 {[%cal Rb5a4]} 22. cxb5 $1 axb5 23. Bd1 Qa7 24. Ra1 {[#]} (24. Kh1 $142) 24... cxb4 (24... Nf5 $142 $1 {[%cal Rf5e3][%mdl 512]} 25. exf5 Nd5 26. fxg6+ fxg6) 25. Qxb4 Nd7 {White must now prevent ...Ne2+!} 26. Kh1 (26. Ra2 $11) 26... Nc2 $1 $36 {[%mdl 2048] Keeping White busy.} 27. Bxa7 Nxb4 28. Rb1 Nxd3 29. Rxb5 Bc6 30. Rb1 Ra8 31. Be3 Rxa3 32. Bf3 h5 33. Ne2 N3c5 34. Bxc5 Nxc5 ({Less strong is} 34... dxc5 35. e5 $17) 35. e5 Ba4 36. exd6 Rxd6 37. Rbc1 Nb3 38. Rc7 Nd2 39. Re1 Rd7 40. Rxd7 Bxd7 41. Rd1 Ra2 {aiming for ...Bb5.} 42. Nc1 (42. Nf1 $142 Nxf3 43. Rxd7) 42... Ra1 43. Nd3 Rxd1+ 44. Bxd1 Ne4 45. Nf3 Bb5 46. Nfe1 h4 47. Kh2 Bc3 48. Bc2 Bd2 49. Nf3 {[#]} Bxd3 $1 50. Bxd3 Bxf4+ 51. Kg1 Be3+ 52. Kf1 {[#]} Ng3+ $1 53. Ke1 Kg7 {Precision: White = 48%, Black = 78%.} 0-1

[Event "US-ch Open 2018"]
[Site "Saint Louis"]
[Date "2018.04.18"]
[Round "1"]
[White "Lenderman, Aleksandr"]
[Black "Shankland, Samuel"]
[Result "1/2-1/2"]
[WhiteElo "2599"]
[BlackElo "2671"]
[Annotator "TA"]
[PlyCount "82"]
[EventDate "2018.??.??"]
[EventType "tourn"]
[EventCountry "USA"]
[SourceTitle "playchess.com"]
[Source "ChessBase"]
[SourceQuality "1"]

{[%evp 10,82,-18,-14,29,6,26,6,14,-5,4,-6,-6,-16,0,0,0,0,0,-10,-5,-10,0,0,0,-4,-4,-2,-2,-22,0,0,0,0,0,-19,-19,-19,-19,-20,-19,-33,-27,-32,-27,-39,0,0,0,0,0,0,0,0,0,0,0,0,0,0,0,0,0,0,0,0,0,0,0,0,0,0,0,0,0]} 1. Nf3 d5 2. g3 g6 3. c4 dxc4 4. Na3 Bg7 5. Nxc4 Nc6 6. d3 {LiveBook: 24 Games. A09: Réti Opening: 1 Nf3 d5 2 c4} Nh6 $146 ({Predecessor:} 6... e5 7. Bd2 Nge7 8. b4 Be6 9. Rc1 Nd4 10. Bg2 Bd5 11. e4 Nxf3+ 12. Qxf3 {0-1 (47) Oparin,G (2602)-Mamedyarov,S (2799) Moscow 2017}) 7. Bg2 O-O 8. O-O {White has an edge.} Nf5 9. Bd2 Nd6 10. Nxd6 cxd6 11. Bc3 Qb6 12. Qa4 d5 13. Bxg7 Kxg7 14. Qa3 Bg4 15. e3 Bxf3 16. Bxf3 e6 17. d4 Rfc8 18. Rfc1 Qb4 19. Qd3 Rc7 20. Rc2 Rac8 {[#] And now ...Nxd4 would win.} 21. Rac1 Qa4 22. Qa3 (22. Qb3 {keeps more tension.} Qxb3 23. axb3 a5 24. Rc5 Kf6 25. e4) 22... Qxa3 23. bxa3 f5 24. Be2 Kf6 25. Kf1 Ke7 26. Ke1 Kd6 27. Kd2 e5 (27... g5 {is more complex.} 28. Rc5 Rf8 29. Kd3 f4 30. e4 fxg3 31. fxg3 Rf2) 28. dxe5+ {The position is equal.} Nxe5 29. Rxc7 Rxc7 30. Rxc7 Kxc7 $11 {[%mdl 4096] Endgame KB-KN} 31. Kc3 Kd6 32. f4 Nc6 33. g4 fxg4 34. Bxg4 Kc5 35. Be6 h6 36. Kd3 g5 37. h3 Kd6 38. Bc8 b6 39. Bb7 Nd8 40. Bc8 Nc6 41. Bb7 Nd8 {Precision: White = 58%, Black = 59%.} 1/2-1/2

[Event "US-ch Open 2018"]
[Site "Saint Louis"]
[Date "2018.04.18"]
[Round "1"]
[White "Liang, Awonder"]
[Black "Caruana, Fabiano"]
[Result "1/2-1/2"]
[WhiteElo "2552"]
[BlackElo "2804"]
[Annotator "TA"]
[PlyCount "104"]
[EventDate "2018.??.??"]
[EventType "tourn"]
[EventCountry "USA"]
[SourceTitle "playchess.com"]
[Source "ChessBase"]
[SourceQuality "1"]

{[%evp 21,104,18,24,9,17,0,1,0,13,12,8,0,0,0,11,10,11,11,12,0,0,13,8,0,0,0,22,0,0,0,0,0,0,0,0,0,48,0,0,-8,0,0,11,0,0,0,0,0,0,0,0,0,0,0,0,0,0,0,0,0,0,0,0,0,0,0,0,0,0,0,0,0,0,0,0,0,0,0,0,0,0,0,0,0,0]} 1. e4 c5 2. Nf3 Nc6 3. Bb5 g6 4. Bxc6 dxc6 5. d3 Bg7 6. h3 Nf6 7. Nc3 O-O 8. Be3 b6 9. Qd2 e5 10. Bh6 Re8 11. Bxg7 {B31: Sicilian: 2...Nc6 3 Bb5 g6} Kxg7 {LiveBook: 6 Games} 12. Qe3 Qd6 13. Ne2 (13. a4 a5 14. b3 Nh5 15. Ne2 Nf4 16. O-O {½-½ (33) Bergerhoff,R (2472)-Nogga,U (2470) GER email 2015}) 13... a5 14. O-O $146 ({Predecessor:} 14. Nd2 Nh5 15. Nc4 Qc7 16. a4 Be6 17. b3 Nf4 {0-1 (43) Maier,A (2301)-Speckner,R (2340) Bayern 2003}) 14... Nh5 15. Nd2 Nf4 16. Nc4 Qc7 17. a4 Be6 18. b3 b5 19. Nd2 Qd6 20. Nxf4 exf4 21. Qe1 b4 22. Nf3 Qe7 23. Kh2 Qf6 24. g3 g5 25. Rg1 {aiming for Nxg5!} Kh8 26. gxf4 gxf4 27. Ra2 Qh6 {[%csl Ge6][%cal Rh6h3]} 28. Ng5 {White threatens Nxf7+! and mate.} Rad8 29. Nxe6 Rxe6 {The position is equal.} 30. Qe2 Rg6 {( -> ...Rxg1)} 31. Raa1 Qg7 (31... Rdg8 {feels hotter.} 32. Rxg6 Rxg6 33. Re1 Rg8 34. e5 Rg6) 32. Qf3 Qe5 33. Rxg6 hxg6 $11 {[%mdl 4096] Endgame KQR-KQR} 34. Rg1 Kg7 35. Rg4 g5 36. Rg2 Rh8 37. Qg4 Kg6 38. f3 Kf6 39. Rg1 Kg6 40. Rg2 Kf6 41. Rg1 Rh6 42. Qd7 Kg7 43. Qd8 Rg6 44. Rg2 Qd4 45. Qxd4+ ({Avoid the trap} 45. Qxa5 $2 {[#]} g4 $1 $19 {[%mdl 512]}) 45... cxd4 {KR-KR} 46. Rg4 f6 47. h4 Rh6 {[#]} 48. e5 $1 {[%mdl 512]} Rh5 ({Don't blunder} 48... fxe5 $2 49. Rxg5+ Kf7 50. Rxe5 $18) 49. exf6+ Kxf6 50. Kh3 Kf5 51. Rxg5+ Rxg5 52. hxg5 Kxg5 {Precision: White = 70%, Black = 77%.} 1/2-1/2

[Event "US-ch Open 2018"]
[Site "Saint Louis"]
[Date "2018.04.19"]
[Round "2"]
[White "Caruana, Fabiano"]
[Black "Lenderman, Aleksandr"]
[Result "1-0"]
[WhiteElo "2804"]
[BlackElo "2599"]
[Annotator "TA"]
[PlyCount "45"]
[EventDate "2018.??.??"]
[EventType "tourn"]
[EventCountry "USA"]
[SourceTitle "playchess.com"]
[Source "ChessBase"]
[SourceQuality "1"]

{[%evp 15,45,0,5,-10,14,26,16,16,18,22,51,25,71,71,76,79,81,82,84,98,369,386,357,326,321,320,311,305,1115,1081,1719,1620]} 1. e4 e6 2. d4 d5 3. Nc3 Bb4 4. e5 c5 5. a3 Bxc3+ 6. bxc3 Qa5 7. Bd2 Qa4 8. Qg4 Kf8 {LiveBook: 209 Games} 9. h4 {C18: French: 3 Nc3 Bb4: Main line: 7 h4 and 7 Qg4} (9. Qd1 b6 10. dxc5 bxc5 11. c4 Ba6 12. cxd5 Bxf1 13. Kxf1 exd5 14. Nf3 Nd7 15. h4 h5 16. Rb1 Ne7 {½-½ (47) Najer,E (2699)-Harikrishna,P (2733) Antalya 2017}) 9... Nc6 10. h5 h6 11. Qd1 {The position is equal.} cxd4 $146 ({Find the theoretical novelty and annotate with similar games:} 11... b6 12. f4 Ba6 13. Bxa6 Qxa6 14. g4 Nge7 15. Ne2 Qc4 {0-1 (38) Moncher,S (2507)-Sinka,I (2548) ICCF email 2003}) 12. Nf3 dxc3 13. Bxc3 g5 14. hxg6 $1 {Strongly threatening Rh4.} Qe4+ 15. Be2 {And now gxf7 would win.} Qxg6 16. Qd2 $36 {[%mdl 2048] White is in control.} Nge7 17. Bd3 Qxg2 $2 {[%mdl 8192] [#]} (17... Qg7 $16) 18. Ke2 $1 $18 Qg4 19. Rh4 Qg7 ({But not} 19... Qg2 $2 20. Rg1 $18) 20. Rg1 Ng6 {[#]} 21. Rf4 $1 {[%mdl 512]} Nce7 $2 (21... Ke7) (21... Nxf4+ 22. Qxf4) 22. Bb4 a5 23. Rxg6 {Precision: White = 89%, Black = 20%.} 1-0

[Event "US-ch Open 2018"]
[Site "Saint Louis"]
[Date "2018.04.19"]
[Round "2"]
[White "Nakamura, Hikaru"]
[Black "Zherebukh, Yaroslav"]
[Result "1/2-1/2"]
[WhiteElo "2787"]
[BlackElo "2640"]
[Annotator "TA"]
[PlyCount "65"]
[EventDate "2018.??.??"]
[EventType "tourn"]
[EventCountry "USA"]
[SourceTitle "playchess.com"]
[Source "ChessBase"]
[SourceQuality "1"]

{[%evp 15,65,35,34,13,16,15,9,0,0,7,7,8,12,0,0,0,0,0,33,16,32,7,16,12,33,15,44,21,18,0,0,0,0,0,7,4,6,0,0,0,0,0,0,0,0,0,0,0,0,0,0,0]} 1. e4 e5 2. Nf3 Nf6 3. d4 Nxe4 4. Bd3 d5 5. Nxe5 Nd7 6. Nxd7 Bxd7 7. O-O Bd6 8. c4 {[%cal Bc2c4,Bc4c5][%mdl 32] C43: Petroff Defence: 3 d4} (8. Qh5 Qf6 9. Be3 O-O-O 10. Nc3 Nxc3 11. bxc3 Qe6 12. Rfe1 f6 13. Bd2 Qg8 14. Rab1 Kb8 15. h3 b6 16. Ba6 {1-0 (41) Ivanchuk,V (2728)-Giri,A (2772) Tbilisi 2017}) 8... O-O {LiveBook: 4 Games} 9. c5 Be7 10. Qc2 Bf6 $146 ({Predecessor:} 10... f5 11. Nd2 b6 12. Nb3 Ba4 13. f3 bxc5 14. dxc5 Bxc5+ 15. Kh1 Bb6 16. fxe4 fxe4 17. Rxf8+ Qxf8 {½-½ (45) Dunlop,G (2572)-Straka,Z (2577) ICCF email 2016}) 11. Be3 Re8 12. Nd2 {[%cal Rd2e4]} Bf5 13. Nf3 Bg6 14. Rfe1 Re6 15. Bf4 Qe7 16. Re3 Re8 17. Rae1 c6 18. h3 Qd8 19. b4 a6 20. a4 {[%cal Ba2a4,Ba4b5][%mdl 32]} Bg5 21. Nxg5 Nxg5 {The position is equal.} 22. Bxg6 (22. Qd2 {looks sharper.} Rxe3 23. Rxe3 Ne6 24. Be5 Bxd3 25. Qxd3 g6 26. f3) 22... hxg6 23. b5 Rxe3 24. Bxe3 axb5 25. axb5 Ne6 {[#] White must now prevent ...Nxd4!} 26. Rb1 f5 27. Qd2 g5 {Threatens to win with ...f4.} 28. f3 g4 29. bxc6 bxc6 30. fxg4 fxg4 31. hxg4 Qh4 32. Qd1 Qh7 33. Rb3 {Precision: White = 54%, Black = 74%.} 1/2-1/2

[Event "US-ch Open 2018"]
[Site "Saint Louis"]
[Date "2018.04.19"]
[Round "2"]
[White "So, Wesley"]
[Black "Onischuk, Alexander"]
[Result "1-0"]
[WhiteElo "2786"]
[BlackElo "2672"]
[Annotator "TA"]
[PlyCount "89"]
[EventDate "2018.??.??"]
[EventType "tourn"]
[EventCountry "USA"]
[SourceTitle "playchess.com"]
[Source "ChessBase"]
[SourceQuality "1"]

{[%evp 20,89,39,40,52,50,43,35,48,45,45,33,56,57,63,62,60,50,48,64,77,70,77,50,90,77,82,87,127,124,105,128,116,116,128,109,114,125,111,141,133,131,114,118,110,85,172,172,172,172,170,157,283,279,298,283,319,307,282,247,245,239,587,589,628,560,4133,2327,2079,1295,1027,1008]} 1. e4 e5 2. Nf3 Nc6 3. Bb5 a6 4. Ba4 Nf6 {[%cal Bg8f6,Bf6d7,Bd7b6][%mdl 32]} 5. O-O Be7 6. d3 d6 7. c3 O-O 8. Re1 Bg4 9. Nbd2 {[%cal Bb1d2,Bd2f1,Bf1g3][%mdl 32]} Nd7 10. h3 Bh5 11. Bc2 {LiveBook: 11 Games. C87: Closed Ruy Lopez: Steinitz-type lines after 6 Re1 d6} (11. Nf1 Nc5 12. Bc2 Ne6 13. g4 Bg6 14. Ng3 Ng5 15. Kg2 Nxf3 16. Qxf3 Bg5 17. Be3 h6 18. Rh1 d5 19. exd5 {½-½ (53) Ter Sahakyan,S (2601)-Bartel,M (2653) Gjakova 2016}) 11... Nb6 12. Nf1 d5 13. Ng3 {White is slightly better.} Bg6 14. Qe2 Re8 $146 ({Predecessor:} 14... d4 15. Nf5 Bf6 16. Bd2 Qd7 17. N3h4 Ne7 18. Qg4 Nxf5 19. Nxf5 {1-0 (32) Tomashevskaya,L (2221)-Akulova,T (1592) Samara 2015}) 15. Be3 Qd6 16. Bxb6 cxb6 17. h4 {And now exd5 would win.} h6 18. Bb3 d4 19. cxd4 Nxd4 20. Nxd4 Qxd4 21. Qg4 Qd6 {[#]} 22. d4 $1 {[%mdl 512] Threatens to win with dxe5.} Kh8 (22... Qxd4 23. Qxg6) 23. Rad1 Qf6 24. h5 Bh7 25. dxe5 Qxe5 26. Bxf7 Rf8 27. Qe6 $1 {[%cal Re6e5]} Bf6 28. Qxe5 Bxe5 29. Rd7 Rad8 30. Rxd8 Rxd8 31. b3 Rd7 32. Be6 Re7 (32... Rd2 $16) 33. Bd5 $1 $18 Bxg3 34. fxg3 {[%mdl 4096] Endgame KRB-KRB} Bg8 {aiming for ...Bxd5.} 35. Kf2 Be6 (35... Rd7 $16) 36. Bxe6 Rxe6 {KR-KR} 37. Ke3 Kg8 38. Rf1 g6 39. hxg6 Rxg6 40. Rf3 Kg7 $2 (40... Re6 {is tougher.} 41. a4 Kg7) 41. e5 {[%cal Be4e5,Be5e6,Be6e7][%mdl 32] White is clearly winning.} Rg4 42. Kd3 $1 {[%cal Rd3e3]} b5 43. e6 {Threatening mate with e7.} Rg6 {[#]} 44. e7 $1 {[%cal Re7e8]} ({Weaker is} 44. Re3 Kf8 $14) 44... Rd6+ {[#]} 45. Ke2 $1 {Precision: White = 100%, Black = 40%.} 1-0

[Event "US-ch Open 2018"]
[Site "Saint Louis"]
[Date "2018.04.19"]
[Round "2"]
[White "Shankland, Samuel"]
[Black "Xiong, Jeffery"]
[Result "1/2-1/2"]
[WhiteElo "2671"]
[BlackElo "2665"]
[Annotator "TA"]
[PlyCount "60"]
[EventDate "2018.??.??"]
[EventType "tourn"]
[EventCountry "USA"]
[SourceTitle "playchess.com"]
[Source "ChessBase"]
[SourceQuality "1"]

{[%evp 9,60,2,6,0,0,-3,0,0,7,0,5,10,23,13,20,21,35,9,10,0,9,0,0,0,0,0,0,0,14,0,6,6,6,6,6,2,4,9,16,13,6,10,15,0,0,0,9,0,0,0,14,0,2]} 1. c4 g6 2. Nc3 c5 3. d4 cxd4 4. Qxd4 Nf6 5. e4 (5. Bf4 Nc6 6. Qd2 d6 7. e4 Bg7 8. Bd3 Ne5 9. Nge2 Nh5 10. Be3 Ng4 11. Bg5 {0-1 (39) Nepomniachtchi,I (2742)-So,W (2810) Saint Louis 2017}) 5... Nc6 {LiveBook: 5 Games} 6. Qe3 {A34: Symmetrical English: 2 Nc3, lines with ...d5} (6. Qd1 {feels hotter.} Bg7 7. Bd3 d6 8. Nge2 O-O 9. O-O) 6... d6 7. Be2 $146 ({Predecessor:} 7. h3 Bg7 8. Bd3 O-O 9. f4 Nd7 10. Nge2 Nc5 11. O-O f5 12. Bb1 fxe4 13. Nxe4 Nxe4 14. Bxe4 {1-0 (21) Moeller,J (1823)-Zoeller,T (2026) Frankfurt 2010}) 7... Bg7 8. Nf3 Bg4 9. O-O O-O 10. Rb1 Qb6 11. Rd1 Rfc8 12. b3 Nd7 {[#] White must now prevent ...Qxe3.} 13. Qd2 Qa5 {The position is equal.} 14. Bb2 a6 15. a3 Bxf3 16. Bxf3 Nd4 17. Nd5 Nxf3+ 18. gxf3 Qd8 19. Qg5 Bxb2 20. Rxb2 e6 $132 {[%mdl 2048] Black is not keeping still} 21. Qxd8+ Rxd8 22. Ne3 Nc5 23. b4 Na4 24. Rbd2 Nc3 25. Rc1 Na4 26. Rcd1 Nc3 27. Rc1 Na4 28. Rcd1 Nc3 29. Rc1 Na4 30. Rcd1 Nc3 {Precision: White = 55%, Black = 80%.} 1/2-1/2